Textbook of Pediatric Dentistry (Record no. 24901)
[ view plain ]
| 000 -LEADER | |
|---|---|
| fixed length control field | 00377nam a22001577a 4500 |
| 003 - CONTROL NUMBER IDENTIFIER | |
| control field | SGT |
| 020 ## - INTERNATIONAL STANDARD BOOK NUMBER | |
| International Standard Book Number | 9789356961012 |
| 082 ## - DEWEY DECIMAL CLASSIFICATION NUMBER | |
| Classification number | 617.645 |
| Item number | T23M |
| 100 ## - MAIN ENTRY--PERSONAL NAME | |
| Personal name | Marwah, Nikhil |
| 245 ## - TITLE STATEMENT | |
| Title | Textbook of Pediatric Dentistry |
| 250 ## - EDITION STATEMENT | |
| Edition statement | 5th |
| 260 ## - PUBLICATION, DISTRIBUTION, ETC. (IMPRINT) | |
| Place of publication, distribution, etc | New Delhi, India |
| Name of publisher, distributor, etc | Jaypee Publishers |
| Year of Publication | 2023 |
| 300 ## - PAGE DESCRIPTION | |
| No. of Pages | 1078 |
| 650 ## - SUBJECT ADDED ENTRY--TOPICAL TERM | |
| Topical term or geographic name as entry element | Pediatric Dentistry |
| 942 ## - ADDED ENTRY ELEMENTS (KOHA) | |
| Source of classification or shelving scheme | Dewey Decimal Classification |
| Koha item type | Books |
| 942 ## - ADDED ENTRY ELEMENTS (KOHA) | |
| -- | 97 |
| Withdrawn status | Lost status | Source of classification or shelving scheme | Damaged status | Not for loan | Home library | Current library | Shelving location | Date acquired | Vendor Name | SGTU | Bill Number | Total Checkouts | Full call number | Accession No. (Barcode) | Date last seen | Date last borrowed | Bill Date | Koha item type | Total Renewals | Checked out |
|---|---|---|---|---|---|---|---|---|---|---|---|---|---|---|---|---|---|---|---|---|
| Dewey Decimal Classification | SGT Dental Library | SGT Dental Library | Reference Book | 26/08/2023 | Ahuja Book Co. Pvt. Ltd. | SGTU | 16974 | 25 | 617.645 T23M | FD9310 | 12/01/2026 | 26/12/2025 | 28/06/2023 | Books | ||||||
| Dewey Decimal Classification | SGT Dental Library | SGT Dental Library | Text Book | 26/08/2023 | Ahuja Book Co. Pvt. Ltd. | SGTU | 16974 | 35 | 617.645 T23M | FD9311 | 01/06/2026 | 20/05/2026 | 28/06/2023 | Books | ||||||
| Dewey Decimal Classification | SGT Dental Library | SGT Dental Library | Text Book | 26/08/2023 | Ahuja Book Co. Pvt. Ltd. | SGTU | 16974 | 38 | 617.645 T23M | FD9312 | 14/01/2026 | 23/12/2025 | 28/06/2023 | Books | ||||||
| Dewey Decimal Classification | SGT Dental Library | SGT Dental Library | Text Book | 26/08/2023 | Ahuja Book Co. Pvt. Ltd. | SGTU | 16974 | 26 | 617.645 T23M | FD9313 | 04/06/2026 | 04/06/2026 | 28/06/2023 | Books | 1 | 18/06/2026 | ||||
| Dewey Decimal Classification | SGT Dental Library | SGT Dental Library | Text Book | 26/08/2023 | Ahuja Book Co. Pvt. Ltd. | SGTU | 16974 | 39 | 617.645 T23M | FD9314 | 18/03/2026 | 02/03/2026 | 28/06/2023 | Books | 1 |